000 00636nam a2200205Ii 4500
003 JO-AjNU
008 230605s9999||||xx |||||||||||||| ||und||
017 _a2009/11/4741
040 _aJO-AjNU
_bara
_erda
_cJO-AjNU
041 _aara
050 1 4 _aDP103.Z3932 2009
100 3 _aتاليف زيدان، جرجي,
_eauthor
_949326
245 0 0 _aفتح الاندلس او طارق بن زياد
264 3 1 _aعمان: وزارة الثقافة، 2009
300 _a189ص
336 _atext
_btxt
_2rdacontent
337 _aunmediated
_bn
_2rdamedia
338 _avolume
_bnc
_2rdacarrier
650 4 _aفتح الاندلس
_949327
999 _aA21658
_c25226
_d25226